000 00585nam a2200193Ia 4500
008 240729s9999 xx 000 0 und d
022 _a2614-6908
245 0 _aJurnal Ekonomi dan Keuangan Islam
260 _aIndonesia
260 _bCenter for Islamic Economics Studies and Development
650 _a Banking
650 _a Finance
650 _a Islam | Social Sciences
650 _a Islam. Bahai Faith. Theosophy, etc.
650 _aPhilosophy. Psychology. Religion
856 _uhttps://doaj.org/toc/5b200d21c1ad458fa7b4a069b304372b
942 _2ddc
942 _cDOAJEJ
999 _c70020
_d70020
945 _a1
_bMadushi Gamage
_c1
_dMadushi Gamage